LEADER 01535nam a2200349 a 4500 001 000000133028 003 CaOOAMICUS 005 20130306112720.0 008 130306s2011 it u000 u ita r 020 $a978-88-498-2983-9 040 $aPUL$bita 041 1 $aita$heng 082 04$a320.51 100 1 $aHayek, Friedrich A.,$d1899-1992.$0(OLS)http://pul/name/14948 240 10$aConstitution of liberty.$lItaliano.$0(OLS)http://pul/title/168057 245 13$aLa società libera /$cFriedrich A. von Hayek ; prefazione di Lorenzo Infantino ; scritti di Sergio Ricossa. 260 $aSoveria Mannelli :$bRubbettino,$c2011. 300 $a714 p. ;$c21 cm 490 1 $aBiblioteca austriaca. Nuova serie. Documenti ;$v2 504 $aBibliografia in nota. 650 4$aLiberalismo.$0(OLS)http://pul/subject/3409 700 1 $aInfantino, Lorenzo.$0(OLS)http://pul/name/31924 700 1 $aRicossa, Sergio,$d1927-$0(OLS)http://pul/name/39759 830 0$aBiblioteca austriaca.$pNuova serie$pDocumenti ;$v2.$0(OLS)http://pul/title/168056 850 $aPUL 852 $aPUL$W1$xSL Diritto e Scienze Sociali 3$y79$m330 COLL 4.1.2$j152948$qDDC 21$B152443$CPULBib$Z2$F152443 $H121900 $82 941 1 $a9 996 $6020$a978-88-498-2983-9$9(OLS)http://pul/number/151993 996 $6082$a320.51$9(OLS)http://pul/classification/2470 996 $6245$aLa società libera$9(OLS)http://pul/title/168055 996 $6260$aSoveria Mannelli :$bRubbettino$9(OLS)http://pul/publisher/51639 LEADER 01702nam a2200313 a 4500 001 000000174300 003 CaOOAMICUS 005 20210302150510.0 008 210302s2017 gw h u000 u ger r 020 $a978-3-643-13802-6* 032 $aLibriCat 040 $aPUL$bita 082 04$a270.3 100 1 $aLim, Florian M.$0(OLS)http://pul/name/112000 245 04$aDie Brüder vom Gemeinsamen Leben im 15. Jahrhundert in Deutschland : $bvom Münsterschen Kolloquium zum Oberdeutschen Generalkapitel : eine kirchenrechtsgeschichtliche Untersuchung über Eingliederung und Gemeinschaftsform der süddeutschen Kanoniker / $cFlorian M. Lim. 260 $aBerlin :$bLIT,$cİ2017. 300 $aVII, 210 p. :$bfacs. ;$c24 cm 490 1 $aVita regularis. Abhandlungen ;$v71 504 $aBibliografia in nota. 650 4$aMonachismo e ordini religiosi$zGermania$xStoria$ySec. XV.$0(OLS)http://pul/subject/46424 830 0$aVita regularis.$pAbhandlungen ;$v71.$0(OLS)http://pul/title/174050 850 $aPUL 852 $aPUL$W1$xSL Religione 3$y85$m270. 3 COLL 1.1.71$j198611$qDDC 21$B203220$CPULBib$Z2$F203220 $H174300 $82 941 1 $a9 996 $6020$a978-3-643-13802-6*$9(OLS)http://pul/number/168023 996 $6082$a270.3$9(OLS)http://pul/classification/2546 996 $6245$aDie Brüder vom Gemeinsamen Leben im 15. Jahrhundert in Deutschland : $bvom Münsterschen Kolloquium zum Oberdeutschen Generalkapitel : eine kirchenrechtsgeschichtliche Untersuchung über Eingliederung und Gemeinschaftsform der süddeutschen Kanoniker / $9(OLS)http://pul/title/215537 996 $6260$aBerlin :$bLIT$9(OLS)http://pul/publisher/81347